| 000 | 00000nam##2200000za#4500 |
| 001 | 9.580467 |
| 003 | CaOODSP |
| 005 | 20210624191042 |
| 007 | cr ||||||||||| |
| 008 | 150406|1981||||xxc|||||o f|0| 0 eng|d |
| 040 | |aCaOODSP|beng |
| 043 | |an-cn--- |
| 086 | 1 |aFs97-14/124-1981E-PDF |
| 110 | 1 |aCanada. |bDepartment of Fisheries and Oceans. |
| 245 | 14|aThe implications of offshore petroleum development for Atlantic fisheries : |h[electronic resource]|ba socio-economic overview / |cby H. Rae Grinnell. |
| 260 | |aOttawa - Ontario : |bFisheries and Oceans Canada |c1981. |
| 300 | |a39p.|bfigs., references |
| 490 | 1 |aCanadian industry report of fisheries and aquatic sciences|vNo. 124 |
| 500 | |aFile reproduced from original print. On t. p. : Economic Research Division, Ottawa, Ont. The catalogue number and ISSN for the print edition appear in the PDF version. |
| 546 | |a(Résumé en français.) |
| 590 | |a14-15-Supp|b2014-09-04 |
| 720 | 1 |aGrinnell, H. Rae |
| 775 | 08|tIncidences de l'exploitation pétrolière en mer sur les pêches de l'Atlantique : |w(CaOODSP)9.607418 |
| 830 | #0|aCanadian industry report of fisheries and aquatic sciences ;|vNo. 124|w(CaOODSP)9.505199 |
| 856 | 40|ahttp://publications.gc.ca|qPDF|s549 KB|uhttps://publications.gc.ca/collections/collection_2014/mpo-dfo/Fs97-14-124-1981-eng.pdf|yNo. 124 |